| 000 | 00667nam a22002177a 4500 | ||
|---|---|---|---|
| 999 |
_c5553 _d5553 |
||
| 003 | AR-CdUCM | ||
| 008 | 190312b ||||| |||| 00| 0 eng d | ||
| 040 |
_aMUNICIPALIDAD PROVINCIAL DEL CUSCO _cBIBLIOTECA MUNICIPAL DEL CUSCO |
||
| 082 |
_a869.569 / _bV23M |
||
| 100 |
_aMonguió, Luis _916643 |
||
| 245 |
_aCésar Vallejo : _bvida y obra / |
||
| 260 |
_aLima : _bEditora Perú Nuevo, _c1960. |
||
| 300 |
_a252 páginas ; _c20 cm. |
||
| 505 | _aLa vida --La obra -- Bibliográfica -- Antología | ||
| 650 |
_aTrilce _916644 |
||
| 650 |
_aPoetas peruanos _91611 |
||
| 650 |
_aPoesía _9444 |
||
| 650 |
_aBiografía _910983 |
||
| 942 |
_2ddc _cLIBROS |
||
| 945 | _admma | ||